MARC
| LEADER | 00000nam a22000007a 4500 | ||
|---|---|---|---|
| 003 | cru CIDCACS/IIS | ||
| 005 | 20190314091736.0 | ||
| 007 | ta | ||
| 008 | 190314s1998 cl |||||r|||||||| ||spa|d | ||
| 999 | |c 42244 |d 42244 | ||
| 040 | |c cru CIDCACS/IIS | ||
| 090 | |a 09.04.02 C733i | ||
| 111 | 2 | |9 8380 |a Seminario Política Comercial en Asia Oriental y América Latina en el Contexto del Nuevo Sistema Internacional de Comercio |c Santiago, Chile |d 1998 agosto 11-12 | |
| 245 | 1 | |a Informe del seminario/ |b CEPAL | |
| 260 | |a Chile: |b CEPAL, |c 1998 | ||
| 300 | |a 42 páginas | ||
| 942 | |2 ddc |c PP | ||
